000 00406nam a2200097Ia 4500
008 180130s9999 xx 000 0 und d
245 _cPapathoma-Koehle, Maria; Glade, Thomas
_aThe role of vegetation cover change in landslide hazard and risk
260 _c2013
300 _aBook title: The role of ecosystems in disaster risk reduction--Acession number C17927; pages 293-320
650 _aECOSYSTEM MANAGEMENT
999 _c354556
_d354556